Statistics for Top 20 most powerful armies in the world (2021)

Click here to take the quiz!

General Stats

  • This quiz has been taken 222 times
  • The average score is 17 of 20

Answer Stats

RankAnswer% Correct
3China
100%
2Russia
100%
8United Kingdom
99%
1United States
99%
7France
98%
4India
96%
15Germany
95%
5Japan
91%
12Italy
88%
6South Korea
88%
18Spain
88%
9Brazil
86%
14Iran
83%
11Turkey
83%
10Pakistan
81%
19Australia
78%
13Egypt
73%
20Israel
70%
16Indonesia
68%
17Saudi Arabia
66%

Score Distribution

Percentile by Number Answered

Percent of People with Each Score

Your Score History

You have not taken this quiz